Statistics for Countries Named After Saints

Click here to take the quiz!

General Stats

  • This quiz has been taken 144 times
  • The average score is 5 of 7

Answer Stats

Country% Correct
Saint Lucia
92%
Saint Kitts and Nevis
89%
Saint Vincent and the Grenadines
88%
San Marino
69%
São Tomé and Príncipe
69%
El Salvador
57%
Dominican Republic
38%

Score Distribution

Percentile by Number Answered

Percent of People with Each Score

Your Score History

You have not taken this quiz